Les pays avec deux voyelles - Statistiques

Statistiques générales
  • Ce quiz a été pris 202 fois
    195 depuis la dernière actualisation
  • Le résultat moyen est 18 sur 30
Statistiques - réponses
Réponse % Correct
France
91%
Chine
87%
Japon
78%
Inde
77%
Chili
73%
Togo
73%
Irak
72%
Iran
72%
Maroc
72%
Laos
69%
Cuba
68%
Mali
68%
Bénin
63%
Oman
63%
Liban
62%
Brésil
57%
Ghana
57%
Qatar
57%
Grèce
56%
Fidji
55%
Gabon
53%
Niger
53%
Chypre
52%
Népal
51%
Malte
50%
Tonga
48%
Yemen
45%
Rwanda
36%
Cap-Vert
30%
Marshall
12%
Aucun quiz correspondant
Distribution des résultats
% des personnes avec chaque résultat
Percentile par nombre de réponses
Votre historique - résultats
Vous n’avez pas pris ce quiz depuis la dernière actualisation